[Event "Canadian op"]
[Site "Laval"]
[Date "2024.07.17"]
[Round "7"]
[White "Chertkow, Matthew"]
[Black "Crete, Mathys"]
[Result "1-0"]
[WhiteElo "1694"]
[BlackElo "1870"]
[PlyCount "83"]
[EventDate "2024.07.13"]
[EventType "swiss"]
[EventRounds "9"]
[EventCountry "CAN"]
[SourceTitle "EXT 2025"]
[Source "ChessBase"]
[SourceDate "2024.10.14"]
[SourceVersion "1"]
[SourceVersionDate "2024.10.14"]
[SourceQuality "1"]

1. e4 c5 2. d4 cxd4 3. c3 Nf6 4. e5 Nd5 5. cxd4 d6 6. Nf3 Nc6 7. Bc4 dxe5 8. dxe5 Be6 9. Qb3 Qd7 10. Bd2 g6 11. 0-0 Bg7 12. Rd1 0-0 13. Bc3 Rfd8 14. Na3 a6 15. Bxd5 Bxd5 16. Qb6 Qg4 17. h3 Qf4 18. Rxd5 Rxd5 19. Qxb7 Rad8 20. Qxc6 Rd1+ 21. Rxd1 Rxd1+ 22. Ne1 Bxe5 23. g3 Qf5 24. Nac2 Bxc3 25. Qxc3 Qxh3 26. Qf3 Qd7 27. Qa8+ Kg7 28. Qxa6 Qd2 29. Qc4 Rxe1+ 30. Nxe1 Qxe1+ 31. Kg2 e5 32. b4 e4 33. Qd4+ Kg8 34. b5 Qe2 35. b6 Qf3+ 36. Kg1 e3 37. Qxe3 Qd1+ 38. Kg2 Qd5+ 39. Qf3 Qb5 40. b7 h5 41. Qb3 Qc6+ 42. f3 1-0